Fußball: Europas Meister 2023/24 - Statistiken

Allgemein
  • Dieses Quiz wurde 462 mal gespielt
  • Das Durchschnittsergebnis liegt bei 13 aus 18
Antwortstatistiken
Land Meister % Korrekt
Deutschland Bayer Leverkusen
98%
England Manchester City
97%
Frankreich Paris Saint-Germain
96%
Italien Inter Mailand
93%
Spanien Real Madrid
92%
Schweiz Young Boys Bern
86%
Schottland Celtic
85%
Niederlande PSV Eindhoven
85%
Portugal Sporting Club
85%
Türkei Galatasaray
83%
Belgien Club Brügge
77%
Österreich Sturm Graz
69%
Ukraine Schachtar Donezk
68%
Israel Maccabi Tel Aviv
61%
Griechenland PAOK Saloniki
41%
Rumänien Steaua Bukarest
33%
Dänemark FC Midtjylland
20%
Polen Jagiellonia Białystok
11%
Keine übereinstimmenden Quizze gefunden
Verteilung der Resultate
Anzahl Personen mit jedem Resultat
Perzentil nach korrekt beantworteten Fragen
Ihre Resultats-Entwicklung
Sie haben dieses Quiz noch nicht gespielt